000 00573nam a2200229 4500
005 20260119103836.0
008 260119b |||||||| |||| 00| 0 eng d
020 _a9789394645516
_cRs.3595.00
040 _aMAIN
082 _a576.028
_bR246M
100 _aReddy, SM
245 _aMicribiology a liboratory manual
250 _a4th
260 _aJodhpur
_bScientific Publishers
_c2026
300 _axiv, 414
650 _aMicroboilogy
650 _aCulture Techniques
650 _aMicrobial Physiology
700 _aReddy, S Ram
942 _cBK
999 _c396717
_d396717